000 00515nam a2200181Ia 4500
003 IN-BaIIA
008 211028s9999 xx 000 0 eng d
040 _cIIA Library
080 _a523.68
_bKAT
100 _aKatasev, L. A
_97553
245 0 _aPhotographic methods in meteor astronomy
_cL. A. Katasev
260 _aJerusalem
_bIsrael Program for Scientific Translations
_c1964
300 _av, 114p.
650 _aAstronomy and astrophysics thesaurus
650 _aMeteorites
650 _aMeteors
942 _cBK
999 _c4386
_d4386